Espagne et Portugal / (Record no. 18445)
[ view plain ]
| 000 -CABECERA | |
|---|---|
| campo de control de longitud fija | 00608cam a2200205 a 4500 |
| 001 - NÚMERO DE CONTROL | |
| campo de control | 000018927 |
| 005 - FECHA Y HORA DE LA ÚLTIMA TRANSACCIÓN | |
| campo de control | 20200929165902.0 |
| 008 - DATOS DE LONGITUD FIJA--INFORMACIÓN GENERAL | |
| campo de control de longitud fija | 910411nuuuuuuuufr 001 0 fre d |
| 040 ## - FUENTE DE LA CATALOGACIÓN | |
| Centro catalogador/agencia de origen | DO-SdBNP |
| Lengua de catalogación | fre |
| Centro/agencia transcriptor | LC |
| Centro/agencia modificador | BNPHU |
| 050 00 - SIGNATURA TOPOGRÁFICA DE LA BIBLIOTECA DEL CONGRESO | |
| Número de clasificación | 4N 322 |
| 082 ## - NÚMERO DE LA CLASIFICACIÓN DECIMAL DEWEY | |
| Número de clasificación | nn* |
| Número de documento/Ítem | nn* |
| 049 ## - FONDOS LOCALES (OCLC) | |
| Fondos de biblioteca | BNGR |
| 100 1# - ENTRADA PRINCIPAL--NOMBRE DE PERSONA | |
| Nombre de persona | Dieulafoy, Marcel Auguste, |
| Fechas asociadas al nombre | 1844-1920. |
| 9 (RLIN) | 40735 |
| 245 10 - MENCIÓN DE TÍTULO | |
| Título | Espagne et Portugal / |
| Mención de responsabilidad, etc. | Marcel Dieulafoy. |
| 260 ## - PUBLICACIÓN, DISTRIBUCIÓN, ETC. | |
| Lugar de publicación, distribución, etc. | Paris : |
| Nombre del editor, distribuidor, etc. | Librairie Hachette, |
| Fecha de publicación, distribución, etc. | [19??]. |
| 300 ## - DESCRIPCIÓN FÍSICA | |
| Extensión | 415 p. |
| 490 1# - MENCIÓN DE SERIE | |
| Mención de serie | Histoire Générale De L´art |
| 830 #0 - PUNTO DE ACCESO ADICIONAL DE SERIE-TÍTULO UNIFORME | |
| Título uniforme | Histoire Générale De L´art |
| 9 (RLIN) | 40736 |
| 910 ## - DATOS DE OPCIÓN DEL USUARIO (OCLC) | |
| Datos de opción del usuario | Catalogación derivada / LC |
| Estado de retiro | Estado de pérdida | Restricciones de uso | No para préstamo | Código de colección | Localización permanente | Ubicación/localización actual | Ubicación en estantería | Fecha de adquisición | Número de inventario | Total de préstamos | Signatura topográfica completa | Código de barras | Fecha visto por última vez | Precio válido a partir de | Tipo de ítem Koha |
|---|---|---|---|---|---|---|---|---|---|---|---|---|---|---|---|
| Monografías: Libros y Folletos | General | General | En catalogación | 20.05.2010 | LF1 | nn* nn* | 18927-10 | 25.06.2020 | 25.06.2020 | Préstamo en sala |
